00350pab a2200145 454500008004000000100001700040245005600057260000900113300001300122362000800135650001000143650001100153650002400164773001600188180718b2011 xxu||||| |||| 00| 0 eng d aYadav, Beena aSwabhimaan: A unique financial inclusion initiative c2011 ap.29-30. aJun aBanks aCredit aAgricultural credit aKurukshetra